000 02301cam a2200337 a 4500
003 EG-GiCUC
005 20250223030927.0
008 140119s2013 ua f m 000 0 ara d
040 _aEG-GiCUC
_bara
_cEG-GiCUC
041 0 _aara
049 _aايداع
097 _aدكتوراه
099 _aCai01.03.04.Ph.D.2013.دا.ب
100 0 _aداليا أحمد رشدي عرفات
245 1 2 _aالبعد النفسي في تسوية و حل الصراعات الدولية :
_bدراسة حالة للصراع العربي الإسرائيلي /
_cداليا أحمد رشدي عرفات ؛ إشراف أحمد يوسف أحمد : قدري محمود حفني
246 1 5 _aThe psychological dimension in international conflicts settlement and resolution :
_bCase study : the Arab - Israeli conflict
260 _aالقاهرة :
_bداليا أحمد رشدي عرفات :
_c2013
300 _a599 ص ؛
_c25سم
502 _aاطروحة (دكتوراه) - جامعة القاهرة - كلية الإقتصاد و العلوم السياسية - قسم العلوم السياسية
520 _aقامت الدراسة بالبحث في دور العامل النفسي في تسوية و حل الصراعات الدولية : بالتركيز على الصراعات الدولية المتصلبة التي يمثل الصراع العربي الاسرائيلي أحد الأمثلة الواضحة عليها : و ذلك من خلال تحليل المعوقات النفسية التي تعوق حل هذا النوع من الصراعات : و الوقوف على الآليات النفسية التي يمكن أن تساهم في تسويتها و حلها : مع التطبيق على الصراع العربي الاسرائيلي الذي تلعب العوامل النفسية دورآ كبيرآ في تعقيده و تصلبه
530 _aصدر ايضا كقرص مدمج
653 4 _aالبعد النفسي
653 4 _aالصراع الدولي
653 4 _aالصراع العربي الإسرائيلي
700 0 _aأحمد يوسف أحمد :
_eمشرف
700 0 _aقدري محمود حفني :
_eمشرف
856 _uhttp://172.23.153.220/th.pdf
905 _aEnas
_eCataloger
905 _aNazla
_eRevisor
942 _2ddc
_cTH
999 _c44891
_d44891